Loading...
| History - Other | 0 | 4 | 1 | 1 | 35 | 56 | 90.25 | 0 | 2 | 7.43 | 17.32 |
| Science - Chemistry | 0 | 4 | 2 | 0 | 30 | 81 | 101.00 | 0 | 0 | 4.78 | 14.73 |
| Science - Biology | 0 | 4 | 4 | 1 | 20 | 94 | 105.75 | 0 | 1 | 3.85 | 12.25 |
| Science - Other | 0 | 2 | 0 | 0 | 20 | 69 | 94.50 | 0 | 0 | 3.18 | 5.15 |
| History - European | 0 | 2 | 1 | 0 | 15 | 65 | 91.50 | 0 | 0 | 3.75 | 7.94 |
| Science - Physics | 0 | 1 | 0 | 0 | 10 | 114 | 114.00 | 0 | 0 | 0.92 | 1.96 |
| History - American | 0 | 1 | 0 | 1 | 10 | 132 | 132.00 | 0 | 0 | -0.09 | 0.25 |
| Other Academic | 0 | 1 | 0 | 0 | 10 | 136 | 136.00 | 0 | 0 | 0.00 | 1.63 |
| Fine Arts - Painting & Sculpture | 0 | 1 | 0 | 1 | 10 | 127 | 127.00 | 0 | 0 | 0.05 | 1.96 |
| History - World | 0 | 1 | 1 | 0 | 5 | 81 | 81.00 | 0 | 1 | 2.48 | 5.39 |